000 00514nam a2200193Ia 4500
003 LK-CoDNM
008 010623t1926 xxu||||| |||| 00| 1 sin d
040 _aLK-CoDNM
_dLK-CoDNM
_eLK-CoDNM
041 _asin
080 _a104 E.13
100 _aMendis,J
_eed.
245 _aධර්ම දීප්තිය
246 _aDharma Deepthiya
260 _bWesleyan Mission
_aWellawatta
_c1926
300 _b15p., 21 cm
650 _aThe Articles of Religion
650 _aThe History of the Church
942 _cBK
999 _c93513
_d93513